[Event "Ogolnopolska Olimpiada Mlodziezy D-12"]
[Site "Spala"]
[Date "1899-12-30"]
[Round "5.3"]
[White "Karlyk, Maria"]
[Black "Koruch, Maria"]
[Result "0-1"]
[WhiteTitle "I"]
[BlackTitle "II"]
[WhiteElo "1440"]
[BlackElo "1362"]

1. e4 c5 2. Nf3 Nc6 3. d4 cxd4 4. Nxd4 Nf6 5. Nc3 e5 6. Ndb5 d6 7. Bg5 a6 8. Na3
b5 9. Nd5 Be7 10. Bxf6 Bxf6 11. c4 b4 12. Nc2 a5 13. g3 O-O 14. Bg2 Rb8 15. b3
Bg5 16. O-O Ne7 17. Nde3 Bb7 18. Qd3 Qb6 19. Rfd1 Rfd8 20. h4 Bxe3 21. Nxe3 Bc6
22. Qc2 Ra8 23. Rd2 a4 24. Rad1 Be8 25. c5 dxc5 26. Rxd8 Rxd8 27. Rxd8 Qxd8 28.
Qxc5 axb3 29. axb3 Nc6 30. Nd5 Qa5 31. Ne7+ Kh8 32. Ng6+ hxg6 33. Qf8+ Kh7 34.
Qxe8 Qc7 35. Bf1 Na5 36. Qa4 Qc5 37. Kg2 f5 38. Bd3 Qc3 39. Qxa5 Qxd3 40. Qxb4
fxe4 41. Qc4 Qf3+ 42. Kg1 e3 43. Qf1 e2 44. Qe1 e4 45. b4 Qd3 46. f4 e3 0-1

[Event "Ogolnopolska Olimpiada Mlodziezy D-12"]
[Site "Spala"]
[Date "1899-12-30"]
[Round "5.4"]
[White "Jarocka, Liwia"]
[Black "Kulpa, Zuzanna"]
[Result "0-1"]
[WhiteTitle "I"]
[BlackTitle "II+"]
[WhiteElo "1341"]
[BlackElo "1425"]

1. e4 Nc6 2. d4 e5 3. Nf3 exd4 4. Nxd4 Bc5 5. Be3 Bb6 6. Bc4 Nge7 7. O-O O-O 8.
c3 d6 9. f4 d5 10. Bxd5 Nxd5 11. exd5 Qxd5 12. Qf3 Rd8 13. Nxc6 Qxc6 14. Qf2 Qe6
15. Bxb6 axb6 16. Re1 Qd5 17. Na3 Be6 18. Re5 Qd6 19. Qe3 Qd2 20. Qxd2 Rxd2 21.
f5 Bd5 22. Rae1 f6 23. R5e2 Rxe2 24. Rxe2 Kf7 25. Rd2 Bc6 26. Nc2 Rxa2 27. Nb4
Ra1+ 28. Kf2 Be8 29. Nd5 c6 30. Nxb6 Ra5 31. g4 Rc5 32. Nc8 b5 33. Nd6+ Ke7 34.
Nxe8 Kxe8 35. Ke1 Rc4 36. Ke2 Rxg4 37. Kf3 Rc4 38. Rg2 Kf7 39. Re2 Rc5 40. Kg4
Rc4+ 41. Kf3 g6 42. fxg6+ hxg6 43. Kg3 f5 44. Kf3 g5 45. Kg3 Kf6 46. h3 Re4 47.
Rd2 Re3+ 48. Kg2 f4 49. Rd6+ Re6 50. Rd2 Kf5 51. h4 gxh4 52. Kh3 Rg6 53. Rc2 Rd6
54. Rf2 Kg5 55. Rg2+ Kh5 56. Rf2 Rd3+ 57. Kh2 Kg4 58. Kg2 h3+ 59. Kh2 Rg3 60.
Kh1 Rf3 61. Re2 Kg3 62. Re1 h2 63. Rd1 Kh3 64. Re1 Rg3 65. Rd1 Rg1+ 66. Rxg1 hxg1=R+
67. Kxg1 Kg3 68. Kf1 Kf3 69. b3 c5 70. b4 c4 71. Kg1 Ke2 72. Kg2 f3+ 73. Kg1 f2+
74. Kh2 f1=Q 75. Kg3 Qf3+ 76. Kh2 Qg4 77. Kh1 Kf3 78. Kh2 Qg2# 0-1

[Event "Ogolnopolska Olimpiada Mlodziezy D-12"]
[Site "Spala"]
[Date "1899-12-30"]
[Round "5.5"]
[White "Harazinska, Magdalena"]
[Black "Tarka, Aleksandra"]
[Result "1-0"]
[WhiteTitle "I"]
[BlackTitle "II+"]
[WhiteElo "1618"]
[BlackElo "1349"]

1. d4 d5 2. c4 Nc6 3. cxd5 Qxd5 4. Nf3 Bg4 5. Nc3 Qd7 6. e3 e6 7. Bb5 Bd6 8. h3
Bh5 9. O-O a6 10. Be2 Nf6 11. e4 Be7 12. e5 Nd5 13. Be3 O-O 14. Rc1 Rad8 15. Ne1
Bg6 16. Qb3 Nb6 17. Nf3 f5 18. g3 Bh5 19. Ng5 Bf7 20. Nf3 Bg6 21. Kg2 Na5 22.
Qd1 Nc6 23. a3 Nd5 24. Nxd5 exd5 25. Bf4 Bf7 26. Ng5 Bxg5 27. Bxg5 Rde8 28. Be3
Be6 29. f4 Qf7 30. Rh1 Qe7 31. Qc2 Qd7 32. Rcf1 Rc8 33. Qd2 Ne7 34. b4 Qa4 35.
Rc1 Qd7 36. Qc2 c6 37. Bf3 Rc7 38. Qe2 Rcc8 39. g4 Ng6 40. Kg3 Qe7 41. g5 h6 42.
h4 Kh7 43. Kf2 Nh8 44. Rcg1 g6 45. h5 Nf7 46. hxg6+ Kxg6 47. Bh5+ Kg7 48. gxh6+
Kh8 49. Rg7 Rg8 50. Bg6 Rxg7 51. hxg7+ Kxg7 52. Rh7+ Kf8 53. Qh5 Ke8 54. Bxf5
Qd7 55. Rh8+ Ke7 56. Qh4+ Ng5 57. Qxg5+ Kf7 58. Qf6# 1-0

[Event "Ogolnopolska Olimpiada Mlodziezy D-12"]
[Site "Spala"]
[Date "1899-12-30"]
[Round "5.6"]
[White "Wolagiewicz, Kinga"]
[Black "Rudzinska, Michalina"]
[Result "1-0"]
[WhiteTitle "I"]
[BlackTitle "I"]
[WhiteElo "1373"]
[BlackElo "1544"]

1. e4 c5 2. Nf3 Nc6 3. d4 cxd4 4. Nxd4 e6 5. Nb3 Qc7 6. Bd3 Nf6 7. O-O Be7 8. Nc3
a6 9. a3 O-O 10. Bd2 b5 11. Kh1 Bb7 12. f4 d6 13. Qe1 Rfe8 14. Rf3 Bf8 15. Rh3
h6 16. Qg3 Kh8 17. Rf1 Rad8 18. f5 Qe7 19. Bg5 Ne5 20. fxe6 fxe6 21. Rxh6+ gxh6
22. Bxf6+ Qxf6 23. Rxf6 Bg7 24. Rf1 Rf8 25. Rxf8+ Rxf8 26. Qe1 Bf6 27. h3 Bg5
28. Nd4 Bc8 29. Be2 Rf4 30. Bf3 Bd7 31. Qg3 Rf8 32. Qe1 Rf4 33. Nce2 Rf8 34. Qd1
Be8 35. Nxe6 Rf6 36. Nxg5 hxg5 37. Nd4 Bg6 38. Qd2 Nf7 39. Kh2 Bh7 40. Qc3 Ne5
41. Qc8+ Kg7 42. Ne6+ Kg6 43. Qe8+ Nf7 44. Nf8+ Kg7 45. Ne6+ Kg6 46. Nf8+ Kg7
47. Nxh7 Kxh7 48. Qe7 Kg7 49. Bh5 Rf4 50. Bxf7 Rxf7 51. Qxg5+ Kh7 52. Qd5 Rf6
53. Qh5+ Kg7 54. Qg4+ Kf7 55. Qd7+ Kg6 56. h4 Kh6 57. Qg4 Rg6 58. Qf4+ Kg7 59.
h5 Rh6 60. Qg5+ Kh7 61. Qe7+ Kh8 62. g4 Kg8 63. Kh3 Kh8 64. Kh4 Kg8 65. g5 Rh7
66. Qe6+ Kf8 67. g6 Ra7 68. Qxd6+ Re7 69. g7+ Kxg7 70. Qxe7+ Kh8 71. Kg5 b4 72.
Kg6 b3 73. Qg7# 1-0

[Event "Ogolnopolska Olimpiada Mlodziezy D-12"]
[Site "Spala"]
[Date "1899-12-30"]
[Round "5.7"]
[White "Kalinowska, Zuzanna"]
[Black "Malicka, Maria"]
[Result "1/2-1/2"]
[WhiteTitle "I"]
[BlackTitle "I"]
[WhiteElo "1542"]
[BlackElo "1408"]

1. d4 Nf6 2. Nf3 e6 3. e3 b6 4. Bd3 Bb7 5. O-O c5 6. b3 Be7 7. Bb2 d5 8. Nbd2 Nc6
9. a3 O-O 10. Qe2 Rc8 11. c4 Re8 12. Rac1 cxd4 13. Nxd4 Nxd4 14. Bxd4 Bd6 15.
b4 e5 16. Bb2 e4 17. Bb1 dxc4 18. Nxc4 Ba6 19. Ba2 Qe7 20. Rfd1 Red8 21. h3 Rc7
22. Qe1 Bxc4 23. Bxc4 Rdc8 24. Ba6 Rxc1 25. Rxc1 Rc7 26. Qd2 Rxc1+ 27. Qxc1 Qc7
28. Qxc7 Bxc7 29. Bb7 Kf8 30. Bxf6 gxf6 31. Bxe4 h6 32. Kf1 Ke7 33. Ke2 Ke6 34.
Kd3 a5 35. Kc4 axb4 36. axb4 f5 37. Bd5+ Ke7 38. f4 f6 39. Bb7 Kd7 40. Kd5 Bd6
41. Bc8+ Kc7 42. b5 Bc5 43. Bxf5 Bxe3 44. Ke6 Bxf4 45. Kxf6 Kd8 46. Kg6 Ke7 47.
g4 Kf8 48. h4 Kg8 49. g5 hxg5 50. hxg5 Be5 51. Be6+ Kf8 52. Kh7 Bd4 53. g6 Bc3
54. Kh6 Bd4 55. Kg5 Kg7 56. Bf7 Be3+ 57. Kf5 Bf2 58. Ke5 Bc5 1/2-1/2

[Event "Ogolnopolska Olimpiada Mlodziezy D-12"]
[Site "Spala"]
[Date "1899-12-30"]
[Round "5.8"]
[White "Poreba, Weronika"]
[Black "Choinska, Debora"]
[Result "1/2-1/2"]
[WhiteTitle "I"]
[BlackTitle "II"]
[WhiteElo "1414"]
[BlackElo "1297"]

1. e4 e5 2. Nf3 Nf6 3. d4 Nxe4 4. Bd3 d5 5. Nxe5 Nf6 6. O-O Be7 7. Nc3 O-O 8. Bg5
h6 9. Bh4 c6 10. Ne2 Nfd7 11. Bxe7 Qxe7 12. f4 Nxe5 13. dxe5 f6 14. e6 f5 15.
Rf3 Bxe6 16. Rg3 Rf6 17. Kh1 c5 18. Ng1 Nd7 19. Qh5 Qf7 20. Qh4 Nf8 21. Rf1 Ng6
22. Qh3 Rd8 23. Be2 Qc7 24. Bh5 Nxf4 25. Qh4 Nxh5 26. Qxh5 Bf7 27. Qh4 Bg6 28.
Ne2 Qf7 29. Nf4 Rdd6 30. Rg1 d4 31. Ra3 Ra6 32. Rxa6 Rxa6 33. a3 Qf6 34. Qg3 Bh7
35. Re1 Kf8 36. Qf3 Qf7 37. Re5 Rc6 38. Qe2 Rc8 39. Ne6+ Kg8 40. Nxc5 b6 41. Nb3
Kf8 42. Nxd4 Rd8 43. c3 Re8 44. h3 Rxe5 45. Qxe5 Qe8 46. Qxe8+ Kxe8 1/2-1/2

[Event "Ogolnopolska Olimpiada Mlodziezy D-12"]
[Site "Spala"]
[Date "1899-12-30"]
[Round "5.9"]
[White "Bilczewska, Olga"]
[Black "Kaniowska, Anna"]
[Result "1-0"]
[WhiteTitle "II"]
[BlackTitle "II"]
[WhiteElo "1252"]
[BlackElo "1336"]

1. d4 d5 2. c4 e6 3. Nc3 Nf6 4. cxd5 exd5 5. Bg5 Nbd7 6. Qc2 Be7 7. e3 O-O 8. Bd3
h6 9. Bh4 c6 10. Nf3 Re8 11. O-O Ne4 12. Bxe7 Qxe7 13. Rab1 Ndf6 14. h3 Nxc3 15.
bxc3 Ne4 16. a4 a6 17. Rb6 Nd6 18. Rfb1 Qf6 19. Ne5 Qg5 20. Kh1 f6 21. Nf3 Qh5
22. Bg6 Bf5 23. Qxf5 Qxf5 24. Bxf5 Nxf5 25. Rxb7 Rec8 26. Nd2 Nd6 27. Rd7 Nf5
28. g4 Nh4 29. Rbb7 g5 30. Rg7+ Kh8 31. Rh7+ Kg8 32. Rxh6 Rf8 33. Rhh7 Rfc8 34.
Rhf7 Rab8 35. Rxb8 Rxb8 36. Rxf6 Rb6 37. e4 dxe4 38. Nxe4 Kg7 39. Rd6 a5 40. Nxg5
Ng6 41. Kg2 Nf4+ 42. Kf3 Nd5 43. c4 Nf6 44. Ne6+ Kg6 45. Kf4 Kf7 46. Nd8+ Ke7
47. Rxc6 Rxc6 48. Nxc6+ Ke6 49. d5+ 1-0

[Event "Ogolnopolska Olimpiada Mlodziezy D-12"]
[Site "Spala"]
[Date "1899-12-30"]
[Round "5.10"]
[White "Skiba, Aleksandra"]
[Black "Lascar, Maria Elena"]
[Result "0-1"]
[WhiteTitle "II"]
[BlackTitle "II+"]
[WhiteElo "1214"]
[BlackElo "1299"]

1. d4 d5 2. c4 c6 3. cxd5 cxd5 4. Nf3 Nc6 5. Nc3 e6 6. Bf4 Qb6 7. Na4 Qa5+ 8. Bd2
Bb4 9. e3 Nf6 10. a3 Bxd2+ 11. Nxd2 O-O 12. b4 Qc7 13. Rc1 Qd6 14. Bd3 e5 15.
dxe5 Nxe5 16. Nc4 Nxd3+ 17. Qxd3 Qc6 18. b5 dxc4 19. Qxh7+ Nxh7 20. bxc6 bxc6
21. Rxc4 Ba6 22. Rb4 Rab8 23. Kd2 Rxb4 24. axb4 Nf6 25. Nc5 Rd8+ 26. Kc3 Bb5 27.
h3 Nd5+ 28. Kb3 Nb6 29. Kc3 Rd5 30. g3 a5 31. e4 axb4+ 32. Kxb4 Rd4+ 33. Ka5 Nc4+
34. Kb4 Nd6+ 35. Kb3 Nxe4 36. Nxe4 Rxe4 37. h4 Bc4+ 38. Kc3 Bd5 39. Rh2 Kh7 40.
Kd2 Kh6 41. f3 Ra4 42. Ke3 Ra3+ 43. Kd4 Rxf3 44. g4 Rf4+ 45. Kc5 Rxg4 46. Rh3
Kh5 47. Re3 Kxh4 48. Re2 f5 49. Rh2+ Kg5 50. Rf2 f4 51. Kd4 Kf5 52. Rh2 f3+ 53.
Ke3 Rg2 54. Rh4 g5 55. Rh8 f2 56. Rf8+ Kg4 57. Rxf2 Rxf2 58. Kxf2 c5 59. Ke3 c4
60. Kd4 Bg8 0-1

[Event "Ogolnopolska Olimpiada Mlodziezy D-12"]
[Site "Spala"]
[Date "1899-12-30"]
[Round "5.11"]
[White "Hryn, Zofia"]
[Black "Michalska, Aleksandra"]
[Result "1-0"]
[WhiteTitle "II"]
[BlackTitle "II"]
[WhiteElo "1327"]
[BlackElo "1266"]

1. e4 e5 2. Nf3 Nc6 3. Bb5 a6 4. Ba4 Nge7 5. O-O g6 6. c3 Bg7 7. d3 O-O 8. Bg5
h6 9. Be3 d6 10. h3 Be6 11. Re1 b5 12. Bc2 Re8 13. Nbd2 b4 14. Nb3 a5 15. a4 Qd7
16. d4 Bxb3 17. Bxb3 exd4 18. cxd4 Rad8 19. Qd2 g5 20. Nxg5 hxg5 21. d5 Ne5 22.
Bxg5 N5g6 23. Bh6 Kh7 24. Bxg7 Kxg7 25. f4 Kg8 26. f5 Nxf5 27. exf5 Qxf5 28. Rf1
Qe5 29. Rae1 Qg7 30. Qf2 Rxe1 31. Rxe1 Ne5 32. Re4 Kf8 33. Bc2 Ng6 34. Rg4 Ke8
35. Qe3+ Kf8 36. Qf2 Ke8 37. Bf5 Ke7 38. Qe2+ Kf8 39. Qc2 Qe5 40. Bxg6 Qe1+ 41.
Kh2 Qe5+ 42. g3 b3 43. Qf2 Qxd5 44. Bxf7 Qxf7 45. Rf4 Qxf4 46. Qxf4+ Ke7 47. Qg5+
Kd7 48. Qf5+ Ke7 49. Qh7+ Ke6 50. Qxc7 Rf8 51. Qc4+ d5 52. Qe2+ Kd6 53. h4 d4
54. Qd2 Kd5 55. h5 Ke4 56. h6 Rh8 57. g4 d3 58. g5 Rc8 59. Qg2+ Ke5 60. Qg3+ Kd5
61. Qxd3+ Ke5 62. Qb5+ Kf4 63. h7 Rc2+ 64. Kh3 Rxb2 65. h8=Q Rb1 66. Qbe5+ Kf3
67. Qhf6# 1-0

[Event "Ogolnopolska Olimpiada Mlodziezy D-12"]
[Site "Spala"]
[Date "1899-12-30"]
[Round "5.12"]
[White "Orlik, Sandra"]
[Black "Czarniecka, Aleksandra"]
[Result "1-0"]
[WhiteTitle "II"]
[BlackTitle "I"]
[WhiteElo "1298"]
[BlackElo "1247"]

1. e4 c5 2. Nf3 d6 3. d4 cxd4 4. Nxd4 Nf6 5. Nc3 a6 6. Be2 e6 7. O-O Be7 8. f4
b5 9. Bf3 Ra7 10. Be3 Rd7 11. Qe2 Bb7 12. a3 Nc6 13. g4 Rc7 14. Nxc6 Rxc6 15.
e5 dxe5 16. Bxc6+ Bxc6 17. fxe5 Nd5 18. Rad1 O-O 19. Qe1 Bh4 20. Qe2 Bg5 21. Nxd5
Bxd5 22. b3 Be7 23. c4 Qc7 24. cxd5 Qxe5 25. Qf2 Rc8 26. Qxf7+ Kh8 27. Bd4 Qg5
28. Qxe6 Rg8 29. h3 Qh4 30. Kg2 Qg5 31. Rf5 Qg6 32. Qxe7 1-0

[Event "Ogolnopolska Olimpiada Mlodziezy D-12"]
[Site "Spala"]
[Date "1899-12-30"]
[Round "5.13"]
[White "Filipska, Maja"]
[Black "Budkiewicz, Magdalena"]
[Result "0-1"]
[WhiteTitle "I"]
[BlackTitle "II+"]
[WhiteElo "1241"]
[BlackElo "1280"]

1. e4 c5 2. Nf3 d6 3. d4 cxd4 4. Qxd4 Nc6 5. Bb5 Bd7 6. Bxc6 Bxc6 7. c4 Nf6 8.
Nc3 e6 9. O-O Be7 10. b3 O-O 11. Ba3 Ne8 12. Rfd1 Bf6 13. Qe3 Bxc3 14. Qxc3 Bxe4
15. c5 Qc8 16. Rac1 Bd5 17. cxd6 Qxc3 18. Rxc3 Nf6 19. Rdc1 Rfd8 20. Nd4 Ne8 21.
Nb5 Bc6 22. Nc7 Nxc7 23. dxc7 Rd7 24. b4 a6 25. Rc5 Rxc7 26. Rd1 Rcc8 27. Rc3
Ba4 28. Rxc8+ Rxc8 29. Rc1 Rxc1+ 30. Bxc1 Kf8 31. Kf1 Ke7 32. Ke2 Kd6 33. Ke3
Kd5 34. Kd3 Bb5+ 35. Kc3 Bf1 36. g3 Ke4 37. Be3 e5 38. Bc5 f5 39. Kd2 f4 40. Bd6
g6 41. Ke1 Bc4 42. a3 g5 43. Bf8 h5 44. Be7 Kf5 45. h4 gxh4 46. Bxh4 fxg3 47.
Bxg3 e4 48. Kd2 Kg4 49. Ke3 Bd5 50. Ke2 h4 51. Be5 Bc4+ 52. Ke3 Bd3 53. Bd6 Kf5
54. f3 Bb1 55. fxe4+ Bxe4 56. Bc7 Bc6 57. Bd6 Ke6 58. Bf4 Kd5 59. Kd3 Bb5+ 60.
Kc3 Ke4 61. Bc7 Ke3 62. Bb6+ Ke2 63. Bc7 Kd1 64. Kb2 h3 65. Kb3 Kc1 66. a4 Bf1
67. Kc3 Kb1 68. Kb3 Ka1 69. Ka3 Bc4 70. Be5+ Kb1 71. Bd6 Kc2 72. Bc7 b6 73. Bd6
Bd3 74. Be5 Kd2 75. Kb2 Bf1 76. Bf4+ Ke2 77. Kc3 Kf3 78. Bd6 0-1

[Event "Ogolnopolska Olimpiada Mlodziezy D-12"]
[Site "Spala"]
[Date "1899-12-30"]
[Round "5.14"]
[White "Wagner, Klaudia"]
[Black "Lukaszewska, Magdalena"]
[Result "1/2-1/2"]
[WhiteTitle "II"]
[BlackTitle "II"]
[WhiteElo "1271"]
[BlackElo "1190"]

1. d4 c5 2. e3 e6 3. b3 Nf6 4. Bb2 Nc6 5. a3 d5 6. Bd3 Be7 7. Nd2 O-O 8. Ngf3 cxd4
9. exd4 b6 10. O-O Bb7 11. Ne5 Rc8 12. f4 Nd7 13. Ndf3 f6 14. Nxc6 Rxc6 15. Bb5
Rc8 16. Qe2 Nb8 17. Qxe6+ Kh8 18. Qe2 a6 19. Bd3 Bd6 20. Nh4 Qe8 21. Qxe8 Rfxe8
22. g3 g6 23. Rae1 f5 24. Nf3 a5 25. Ng5 Re7 26. Rxe7 Bxe7 27. Nf3 Ba6 28. Bxa6
Nxa6 29. Rc1 b5 30. Kf2 a4 31. b4 Nb8 32. c3 Nd7 33. Re1 Bf8 34. Ke3 Nf6 35. Kd3
Re8 36. Rxe8 Nxe8 37. Nd2 Nd6 38. Bc1 Bg7 39. Bb2 Bf8 40. Bc1 Bg7 41. Bb2 1/2-1/2

[Event "Ogolnopolska Olimpiada Mlodziezy D-12"]
[Site "Spala"]
[Date "1899-12-30"]
[Round "5.15"]
[White "Raczykowska, Paulina"]
[Black "Pyzio, Amelia"]
[Result "1-0"]
[WhiteTitle "II+"]
[BlackTitle "II+"]
[WhiteElo "1228"]
[BlackElo "1346"]

1. e4 e6 2. d4 d5 3. e5 c5 4. c3 Nc6 5. Nf3 Qb6 6. Bd3 Bd7 7. Bc2 cxd4 8. cxd4
Nb4 9. O-O Nxc2 10. Qxc2 Ne7 11. Nc3 Nf5 12. Rd1 Be7 13. a3 O-O 14. g4 Nh4 15.
Nxh4 Bxh4 16. Rd3 h6 17. Rh3 g5 18. Be3 Qd8 19. Rf1 Kg7 20. f4 Rh8 21. fxg5 hxg5
22. Rhf3 Be8 23. Rf6 Rh6 24. Rxh6 Kxh6 25. Rf6+ Kg7 26. Qd2 Kf8 27. Bxg5 Bxg5
28. Qxg5 Ke7 29. h4 Qb6 30. Nxd5+ 1-0

[Event "Ogolnopolska Olimpiada Mlodziezy D-12"]
[Site "Spala"]
[Date "1899-12-30"]
[Round "5.16"]
[White "Tomczak, Marta"]
[Black "Maruszczak, Hanna"]
[Result "1-0"]
[WhiteTitle "II"]
[BlackTitle "II"]
[WhiteElo "1284"]
[BlackElo "1069"]

1. e4 e5 2. Nf3 Nc6 3. Bb5 a6 4. Ba4 Nf6 5. O-O Be7 6. Re1 b5 7. Bb3 O-O 8. h3
Na5 9. Nxe5 Nxb3 10. axb3 Bb7 11. Nc3 b4 12. Ne2 Nxe4 13. d3 Nf6 14. Bg5 d6 15.
Nc4 c5 16. Ng3 h6 17. Bxf6 Bxf6 18. Ra2 Qc7 19. Nh5 Bd4 20. Qg4 g6 21. Ng3 Rfe8
22. Rf1 Kh7 23. Qf4 Re6 24. Ne4 Bxe4 25. dxe4 Rf6 26. Qd2 g5 27. Qd3 Be5 28. Ne3
Qc6 29. c3 a5 30. Nd5 Re6 31. f4 gxf4 32. Nxf4 Rf6 33. Nd5 Rxf1+ 34. Qxf1 Kg7
35. Qf3 Kf8 36. Ra1 a4 37. Rf1 Ra7 38. bxa4 Qxa4 39. cxb4 cxb4 40. b3 Qa5 41.
Kh1 Qc5 42. Qh5 Bg7 43. Qf3 Bd4 44. Qf4 Bg7 45. Rc1 Qa5 1-0

[Event "Ogolnopolska Olimpiada Mlodziezy D-12"]
[Site "Spala"]
[Date "1899-12-30"]
[Round "5.17"]
[White "Tamon, Agata"]
[Black "Hryn, Aleksandra"]
[Result "1/2-1/2"]
[WhiteTitle "II"]
[BlackTitle "II+"]
[WhiteElo "1056"]
[BlackElo "1277"]

1. e4 c5 2. Nf3 d6 3. d4 cxd4 4. Nxd4 Nf6 5. Nc3 a6 6. Be3 e5 7. Nf3 Be7 8. h3
h6 9. Bd3 Be6 10. O-O O-O 11. Qd2 Qc7 12. Rfe1 Nbd7 13. a3 Nc5 14. Bxc5 Qxc5 15.
Qe3 Qc7 16. Rad1 Rac8 17. Qd2 b5 18. Rc1 Qb7 19. Kh1 Nd7 20. Ne2 Nc5 21. Ng3 Nxd3
22. Qxd3 Qc7 23. Qd1 Qc5 24. Kg1 Rc7 25. Qd2 Rfc8 26. c3 Qb6 27. Qe3 Qxe3 28.
Rxe3 Rd8 29. Rd1 Rcd7 30. Ree1 Bb3 31. Rd2 f6 32. Nf5 Be6 33. Nxe7+ Rxe7 34. Nh2
Red7 35. f3 d5 36. exd5 Rxd5 37. Rxd5 Rxd5 38. Re2 Rd6 39. Kf2 Bc4 40. Rc2 Bb3
41. Re2 Bc4 42. Rc2 Bb3 43. Re2 Bc4 44. Rc2 Bb3 45. Re2 1/2-1/2

[Event "Ogolnopolska Olimpiada Mlodziezy D-12"]
[Site "Spala"]
[Date "1899-12-30"]
[Round "6.1"]
[White "Kucharska, Honorata"]
[Black "Waszczuk, Patrycja"]
[Result "1-0"]
[WhiteTitle "I"]
[BlackTitle "I"]
[WhiteElo "1722"]
[BlackElo "1474"]

1. d4 d5 2. Nf3 c6 3. e3 Nf6 4. Bd3 Bg4 5. Nbd2 e6 6. O-O Bd6 7. h3 Bh5 8. c4 O-O
9. Qc2 Bg6 10. b3 Nbd7 11. Bb2 c5 12. Ne5 Bxd3 13. Qxd3 Be7 14. f4 Rc8 15. Rfd1
b6 16. Rac1 Re8 17. Qe2 cxd4 18. Bxd4 Nc5 19. Ng4 Nfe4 20. Nxe4 Nxe4 21. Nf2 Nxf2
22. Qxf2 Bc5 23. e4 Bxd4 24. Rxd4 Qd6 25. exd5 exd5 26. Rcd1 Qc5 27. Rxd5 Qxf2+
28. Kxf2 Kf8 29. Rd7 Re7 30. Rd8+ Re8 31. Rxc8 Rxc8 32. Rd7 b5 33. Rd4 bxc4 34.
Rxc4 Rd8 35. Ra4 Rd7 36. Ra6 Ke7 37. Ke3 f5 38. a3 Kd8 39. b4 Kc8 40. Ra5 g6 41.
g4 fxg4 42. hxg4 Kb7 43. f5 Rf7 44. Kf4 h6 45. Ke5 gxf5 46. gxf5 h5 47. Ke6 Rh7
48. f6 h4 49. f7 Rh8 50. Rh5 Rxh5 51. f8=Q Rh7 52. Qf3+ Kb6 53. Qe3+ 1-0

[Event "Ogolnopolska Olimpiada Mlodziezy D-12"]
[Site "Spala"]
[Date "1899-12-30"]
[Round "6.2"]
[White "Kulpa, Zuzanna"]
[Black "Moscicka, Pola"]
[Result "0-1"]
[WhiteTitle "II+"]
[BlackTitle "I"]
[WhiteElo "1425"]
[BlackElo "1568"]

1. e4 c5 2. Nc3 d6 3. f4 Nc6 4. Nf3 e6 5. Bc4 a6 6. a4 g6 7. d3 Bg7 8. O-O Nge7
9. Qe1 O-O 10. Qh4 d5 11. Bb3 Nd4 12. Nxd4 cxd4 13. Ne2 dxe4 14. dxe4 d3 15. Rd1
Qb6+ 16. Kh1 dxe2 17. Re1 Nc6 18. Rxe2 Qd8 19. Qe1 Nd4 20. Rd2 Qa5 21. Qe3 Rd8
22. e5 Nxb3 23. cxb3 Rxd2 24. Bxd2 Qd5 25. h3 Bd7 26. Kh2 Bc6 27. Qe2 Rd8 28.
Be3 Qxb3 0-1

[Event "Ogolnopolska Olimpiada Mlodziezy D-12"]
[Site "Spala"]
[Date "1899-12-30"]
[Round "6.3"]
[White "Koruch, Maria"]
[Black "Harazinska, Magdalena"]
[Result "1/2-1/2"]
[WhiteTitle "II"]
[BlackTitle "I"]
[WhiteElo "1362"]
[BlackElo "1618"]

1. e4 c5 2. Nf3 e6 3. d4 cxd4 4. Nxd4 a6 5. Bd3 Nf6 6. Nc3 Qc7 7. O-O Bc5 8. Nb3
Be7 9. Qf3 O-O 10. Bg5 d6 11. e5 dxe5 12. Qh3 g6 13. Qh4 Qd8 14. Ne4 Nd5 15. f4
f5 16. Bxe7 Qxe7 17. Ng5 e4 18. Be2 Nc6 19. g4 Kh8 20. Kh1 Bd7 21. Rg1 b5 22.
Rg3 Nf6 23. Rh3 Rg8 24. gxf5 exf5 25. Rg1 Rg7 26. c4 bxc4 27. Bxc4 Nd8 28. Nd4
Ng4 29. Be2 Nf6 30. Bc4 Ng4 31. Be2 Nf6 32. Bc4 Nh5 33. Be2 Nf6 34. Bc4 Ng4 35.
Be2 h5 36. Bxg4 fxg4 37. Re3 Qc5 38. Rxe4 Qd5 39. Rge1 Nb7 40. Nde6 Bxe6 41. Nxe6
Rf7 42. Kg1 Nd6 43. Rd4 Qc6 44. Nd8 Nf5 45. Nxf7+ Kg8 46. Nh6+ Nxh6 47. Rd8+ Rxd8
48. Qxd8+ Kg7 49. Re7+ Nf7 50. Qd4+ Kg8 51. Re1 Qf3 52. Re8+ Kh7 53. Qe3 Qd1+
54. Qe1 Qd4+ 55. Qe3 Qd1+ 56. Kf2 Qc2+ 57. Qe2 Qc5+ 58. Re3 Qd4 59. Kg3 Nd6 1/2-1/2

[Event "Ogolnopolska Olimpiada Mlodziezy D-12"]
[Site "Spala"]
[Date "1899-12-30"]
[Round "6.4"]
[White "Lascar, Maria Elena"]
[Black "Wolagiewicz, Kinga"]
[Result "1/2-1/2"]
[WhiteTitle "II+"]
[BlackTitle "I"]
[WhiteElo "1299"]
[BlackElo "1373"]

1. e4 c6 2. d4 d5 3. exd5 cxd5 4. Bd3 Nc6 5. c3 Nf6 6. Bf4 Bg4 7. Qb3 Qc8 8. Nd2
e6 9. h3 Bh5 10. g4 Bg6 11. Bxg6 hxg6 12. Ngf3 Nxg4 13. Bg3 Nf6 14. O-O-O a6 15.
Rde1 b5 16. Kb1 Be7 17. Ne5 Na5 18. Qd1 Nc4 19. Ndf3 Ne4 20. Nxc4 Qxc4 21. Ne5
Qc8 22. h4 Nf6 23. Qf3 O-O 24. Rh2 Rb8 25. h5 gxh5 26. Rxh5 g6 27. Rh6 Nh5 28.
Rh1 Bf6 29. R1xh5 Bg7 30. Qh1 gxh5 31. Qxh5 Bxh6 32. Qxh6 f5 33. Qg6+ Kh8 34.
Qh6+ Kg8 35. Qg6+ Kh8 36. Qh6+ Kg8 37. Qg6+ Kh8 38. Qh6+ Kg8 39. Qg6+ Kh8 1/2-1/2

[Event "Ogolnopolska Olimpiada Mlodziezy D-12"]
[Site "Spala"]
[Date "1899-12-30"]
[Round "6.5"]
[White "Karlyk, Maria"]
[Black "Bilczewska, Olga"]
[Result "1-0"]
[WhiteTitle "I"]
[BlackTitle "II"]
[WhiteElo "1440"]
[BlackElo "1252"]

1. e4 e5 2. Nf3 Nc6 3. Bc4 Nf6 4. d3 Bc5 5. c3 d6 6. Bb3 O-O 7. h3 Be6 8. Nbd2
a6 9. Nf1 Kh8 10. Ng3 Qd7 11. Nh2 h6 12. Qf3 Nh7 13. Qh5 Ne7 14. Bd2 c6 15. Rf1
Ng6 16. Nf5 Nf6 17. Bxe6 Qxe6 18. Qf3 d5 19. Ng4 dxe4 20. dxe4 Ng8 21. Nh2 Rad8
22. g4 Qd7 23. O-O-O Nf6 24. Nxh6 Qe6 25. g5 gxh6 26. gxf6 Qxa2 27. Qh5 Qa1+ 28.
Kc2 Qa4+ 29. Kb1 Qxe4+ 30. Kc1 Nf4 31. Qxh6+ Qh7 32. Bxf4 exf4 33. Qxf4 Qxh3 34.
Ng4 Rxd1+ 35. Rxd1 Qh4 36. Qe4 Qg5+ 37. f4 Qg6 38. Rh1+ Kg8 39. Nh6+ Kh7 40. Nxf7+
1-0

[Event "Ogolnopolska Olimpiada Mlodziezy D-12"]
[Site "Spala"]
[Date "1899-12-30"]
[Round "6.6"]
[White "Orlik, Sandra"]
[Black "Swiech, Joanna"]
[Result "0-1"]
[WhiteTitle "II"]
[BlackTitle "I"]
[WhiteElo "1298"]
[BlackElo "1598"]

1. e4 e6 2. d4 d5 3. Bd3 dxe4 4. Bxe4 Nf6 5. Nc3 c5 6. Nf3 Nc6 7. Bxc6+ bxc6 8.
Be3 cxd4 9. Nxd4 Bb7 10. Nb3 Qc7 11. O-O Be7 12. Qd2 O-O 13. Rad1 Rfd8 14. Qe2
c5 15. f3 a5 16. Qf2 Rdc8 17. Ne2 Bd6 18. h3 Ba6 19. Rfe1 Nh5 20. g4 Bxe2 21.
Rxe2 Nf4 22. Bxf4 Bxf4 23. Qf1 c4 24. Nd4 Qb6 25. Kg2 Qxb2 26. Qg1 Qxa2 27. Nb5
c3 28. Qd4 Qc4 29. Qxc4 Rxc4 30. Ra1 a4 31. Re4 Rxe4 32. fxe4 Be5 33. Kf3 Kf8
34. Ke3 Ra5 35. Na3 Bf6 36. Nc4 Ra6 37. Kd3 Ke8 38. e5 Be7 39. Nd6+ Bxd6 40. exd6
Kd7 41. Kxc3 Kxd6 42. Kb4 g6 43. c4 a3 44. Kb5 Ra8 45. Kb6 Rb8+ 46. Ka7 Rb3 47.
h4 Kc5 0-1

[Event "Ogolnopolska Olimpiada Mlodziezy D-12"]
[Site "Spala"]
[Date "1899-12-30"]
[Round "6.7"]
[White "Hryn, Zofia"]
[Black "Kalinowska, Zuzanna"]
[Result "0-1"]
[WhiteTitle "II"]
[BlackTitle "I"]
[WhiteElo "1327"]
[BlackElo "1542"]

1. e4 c5 2. Nf3 e6 3. d4 cxd4 4. Nxd4 a6 5. Nc3 Qc7 6. Be3 Nf6 7. f3 Bb4 8. Bd2
b6 9. a3 Bxc3 10. Bxc3 d5 11. Bd3 Bb7 12. Qe2 Nbd7 13. O-O-O dxe4 14. Bxe4 Bxe4
15. fxe4 Qf4+ 16. Bd2 Qxe4 17. Qxe4 Nxe4 18. Be3 Rc8 19. Rhf1 Ndf6 20. h3 Nd5
21. Bg1 O-O 22. Rde1 Nc5 23. Rf3 Ne7 24. g4 Nc6 25. Nxc6 Rxc6 26. Rc3 Rfc8 27.
Rd1 Kf8 28. Rd4 Ke7 29. Bh2 Nb7 30. Rxc6 Rxc6 31. Be5 f6 32. Bg3 e5 33. Re4 Nc5
34. Rc4 Kd6 35. Rd4+ Ke7 36. Rc4 Kd7 37. Bf2 Ne6 38. Rb4 b5 39. Be3 Nc7 40. Rb3
Nd5 41. Rd3 Ke6 42. Bd2 Rd6 43. Rf3 Rd7 44. Kd1 Nb6 45. Ke2 Nc4 46. Bc3 Rc7 47.
Rd3 Rd7 48. Rf3 g6 49. Rd3 Rxd3 50. cxd3 Nb6 51. b4 Nd5 52. Bd2 Ne7 53. Kf3 Nc6
54. Bc3 Kd5 55. Ke3 Nd8 56. d4 e4 57. Bb2 Ne6 58. h4 f5 59. g5 f4+ 0-1

[Event "Ogolnopolska Olimpiada Mlodziezy D-12"]
[Site "Spala"]
[Date "1899-12-30"]
[Round "6.8"]
[White "Budkiewicz, Magdalena"]
[Black "Poreba, Weronika"]
[Result "0-1"]
[WhiteTitle "II+"]
[BlackTitle "I"]
[WhiteElo "1280"]
[BlackElo "1414"]

1. e4 c5 2. Nf3 e6 3. d4 cxd4 4. Nxd4 a6 5. Nc3 Qc7 6. f3 b5 7. Be3 Bb7 8. Qd2
Nf6 9. O-O-O d6 10. g4 Be7 11. h4 Nc6 12. h5 Nxd4 13. Bxd4 e5 14. Be3 b4 15. Ne2
a5 16. g5 Nd7 17. Bg2 Nb6 18. Bxb6 Qxb6 19. g6 h6 20. gxf7+ Kf8 21. Kb1 a4 22.
Ng3 Kxf7 23. Nf5 Rhd8 24. Bh3 Bc8 25. Nxe7 Kxe7 26. Bxc8 Raxc8 27. Rhg1 Kf8 28.
Rg6 Rc6 29. f4 b3 30. cxb3 axb3 31. axb3 Qxb3 32. fxe5 Ra8 33. Rf1+ Ke8 34. Re6+
Qxe6 35. b4 Qxe5 0-1